Hellenism in the East : the interaction of Greek and non-Greek civilizations from Syria to Central Asia after Alexander /
Main Author:
Other Authors:
Format: Book
Language: English
Published:
London :
Duckworth,
1987.
Subjects:
Tags: Add Tag
Call Number: DS56 .K91 1987
| LEADER | 01446namaa2200301 4500 | ||
|---|---|---|---|
| 001 | 20783 | ||
| 003 | OSt | ||
| 005 | 20260311090300.0 | ||
| 008 | 130303s1987 enkaf b 001 0 eng d | ||
| 010 | |a 87005033 | ||
| 020 | |a 0715621254 | ||
| 040 | |c ARCE Library | ||
| 043 | |a aw----- | ||
| 050 | 4 | |a DS56 .K91 1987 | |
| 100 | 1 | |a Kuhrt, Amélie, |d 1944-, |e author |9 34253 | |
| 245 | 1 | 0 | |a Hellenism in the East : |b the interaction of Greek and non-Greek civilizations from Syria to Central Asia after Alexander / |c edited by Amélie Kuhrt and Susan Sherwin-White. |
| 264 | 1 | |a London : |b Duckworth, |c 1987. | |
| 300 | |a xii, 192 pages, [8] pages of plates : |b illustrations ; |c 24 cm. | ||
| 504 | |a Includes bibliographical references and index. | ||
| 505 | 0 | |a Seleucid Babylonia : a case study for the installation and development of Greek rule / Susan Sherwin-White -- Berossus' Babyloniaka and Seleucid rule in Babylonia / Amélie Kuhrt -- The Babylonian city / R.J. van der Spek -- The Arab-Persian Gulf under the Seleucids / Jean-François Salles -- The problem of Hellenistic Syria / Fergus Millar -- Greek and non-Greek interaction in the art and architecture of the Hellenistic East / Malcolm Colledge. | |
| 650 | 0 | |a Seleucids. | |
| 650 | 0 | |a Hellenism. | |
| 651 | 0 | |a Middle East |x Antiquities. | |
| 651 | 0 | |a Middle East |x Civilization |y To 622. | |
| 700 | 1 | |a Sherwin-White, Susan M. | |
| 901 | |a reviewed | ||
| 942 | |2 lcc |c BK | ||
| 999 | |c 17224 |d 17224 | ||
